Survey methods in social investigation /
Guardado en:
| Autor principal: | |
|---|---|
| Otros Autores: | |
| Formato: | Texto |
| Publicado: |
s.l.:
s.e.
|
| Edición: | 2 |
| Etiquetas: |
Agregar Etiqueta
Sin Etiquetas, Sea el primero en etiquetar este registro!
|
MARC
| LEADER | 00000 a a2200000 04500 | ||
|---|---|---|---|
| 001 | 22157 | ||
| 003 | |||
| 040 | |||
| 020 | |a 0 435 82604 2 | ||
| 090 | |a 150100 | ||
| 100 | |a Moser, C. A. | ||
| 245 | |a Survey methods in social investigation / |c C. A. Moser | ||
| 250 | |a 2 | ||
| 260 | |a s.l.: |b s.e. | ||
| 300 | |a 537 p. | ||
| 700 | |a Kalton, Graham | ||
| 999 | |c 12206 |d 12206 | ||
